000 00968nam a2200325 i 4500
001 44002
003 KOSZ 005
005 20220608125854.0
008 040309s2004 pl a f f |001 0 pol
015 _aPB 2006/656
020 _a8372793808
040 _aWA N
_cWA N
_dKOSZ 005/HR
046 _k2004
080 _a681.515
080 _a(075.8)
100 1 _aBrzózka, Jerzy
_eAutor
245 1 0 _aRegulatory i układy automatyki /
_cJerzy Brzózka.
260 _aWarszawa :
_bMikom,
_c2004.
300 _a342 s. :
_bil. ;
_c24 cm.
380 _aKsiążki
388 _a2001-
504 _aBibliogr. s. 333-335. Indeks.
650 4 _aAutomatyka
650 4 _aRegulatory
655 4 _aPodręczniki akademickie
658 _aInżynieria i technika
710 2 _aWydawnictwo Mikom
_4pbl.
856 _uhttp://koha.tu.koszalin.pl/cgi-bin/koha/opac-detail.pl?biblionumber=44002
_yKatalog online BPK
942 _2UKD
_cKS
999 _c44002
_d44002